UBT Library

The evolution of human sexuality / (Record no. 44075)

000 -LEADER
fixed length control field 00548pam a2200217 i 4500
001 - CONTROL NUMBER
control field 2264877
005 - DATE AND TIME OF LATEST TRANSACTION
control field 20180302082439.0
008 - FIXED-LENGTH DATA ELEMENTS--GENERAL INFORMATION
fixed length control field 781002s1979 nyu b 001 0 eng
010 ## - LIBRARY OF CONGRESS CONTROL NUMBER
LC control number 78023361
020 ## - INTERNATIONAL STANDARD BOOK NUMBER
International Standard Book Number 0195025350
040 ## - CATALOGING SOURCE
Original cataloging agency DLC
Transcribing agency DLC
Modifying agency DLC
041 ## - LANGUAGE CODE
Language code of text/sound track or separate title eng
080 ## - UNIVERSAL DECIMAL CLASSIFICATION NUMBER
Universal Decimal Classification number 155.33 SYM
082 00 - DEWEY DECIMAL CLASSIFICATION NUMBER
Classification number 155.33 SYM
100 1# - Rafti
Rafti 24
101 ## - Shkurtesa
Shkurtesa ANT
245 14 - TITLE STATEMENT
Title The evolution of human sexuality /
Statement of responsibility, etc Donald Symons.
504 ## - BIBLIOGRAPHY, ETC. NOTE
Bibliography, etc Bibliography: p. [315]-343.
906 ## - LOCAL DATA ELEMENT F, LDF (RLIN)
a 7
b cbc
c orignew
d 1
e ocip
f 19
g y-gencatlg
942 ## - ADDED ENTRY ELEMENTS (KOHA)
Source of classification or shelving scheme
Item type Books
Holdings
Withdrawn status Lost status Source of classification or shelving scheme Damaged status Not for loan Collection code Permanent location Current location Shelving location Date acquired Total Checkouts Full call number Barcode Date last seen Price effective from Koha item type
          Koleksioni i përgjithshem UBT - Lipjan UBT - Lipjan Koleksioni i përgjithshem 03/02/2018   155.33 SYM 002-3000743 03/02/2018 03/02/2018 Books
UBT Library © 2015-2024. All rights reserved University Education for Business and Technology